Cây nhà lá vườn chữa bách bệnh

Shranjeno v:
Bibliografske podrobnosti
Glavni avtor: Nguyễn, Hữu Ái
Format: Knjiga
Jezik:Undetermined
Izdano: Hà Nội Văn Hóa Thông Tin 2003
Teme:
Oznake: Označite
Brez oznak, prvi označite!
Thư viện lưu trữ: Trung tâm Học liệu Trường Đại học Cần Thơ
LEADER 00636nam a2200205Ia 4500
001 CTU_74279
008 210402s9999 xx 000 0 und d
020 |b 45000 
082 |a 615.882 
082 |b A103 
100 |a Nguyễn, Hữu Ái 
245 0 |a Cây nhà lá vườn chữa bách bệnh 
245 0 |c Nguyễn Hữu Ái ; Nguyễn Mai Phương 
260 |a Hà Nội 
260 |b Văn Hóa Thông Tin 
260 |c 2003 
650 |a Botany, medical,Folk medicine,Medical plants 
650 |z Vietnam 
904 |i Mai Loan, Qhieu 
980 |a Trung tâm Học liệu Trường Đại học Cần Thơ